| 000 | 00964cam a22002174a 4500 | ||
|---|---|---|---|
| 020 | _a1402001533 (alk. paper) | ||
| 040 | _cDLC | ||
| 082 | 0 | 0 | _a628 PUB 2001 C152 Or. |
| 245 | 0 | 0 | _aAdvances in urban stormwater and agricultural runoff source controls / |
| 260 |
_aDordrecht ; _aBoston : _bKluwer Academic Publishers : _bPublished in cooperation with NATO Scientific Affairs Division, _cc2001. |
||
| 300 |
_axvii, 319 p. : _bill., maps ; _c25 cm. |
||
| 500 | _a"Proceedings of the NATO Advanced Research Workshop on Source Control Measures for Stormwater Runoff, St. Marienthal-Ostritz, Germany, 8-12 November 2000"--T.p. verso. | ||
| 650 | 0 | _aUrban runoff | |
| 650 | 0 | _aRunoff | |
| 650 | 0 | _aFlood control | |
| 650 | 0 | _aBest management practices (Pollution prevention) | |
| 700 | 1 | _aMarsalek, J. | |
| 856 | 4 | 1 | _uhttp://www.loc.gov/catdir/toc/fy033/2001052598.html |
| 856 | 4 | 2 | _uhttp://www.loc.gov/catdir/enhancements/fy0814/2001052598-d.html |
| 942 | _cAEDBB | ||
| 999 |
_c18869 _d18869 |
||